NBA Players with the most championships - Statistics

General Stats
  • This quiz has been taken 73 times
  • The average score is 7 of 13
Answer Stats
Number of Rings Answer % Correct
6 Michael Jordan
100%
11 Bill Russell
91%
6 Scottie Pippen
88%
7 Robert Horry
73%
6 Kareem Abdul-Jabbar
69%
6 Bob Cousy
55%
8 John Havlicek
55%
10 Sam Jones
41%
8 KC Jones
38%
8 Tom Heinsohn
23%
8 Tom Sanders
14%
7 Frank Ramsey
9%
7 Jim Loscutoff
9%
No matching quizzes found
Score Distribution
Percent of People with Each Score
Percentile by Number Answered
Your Score History
You have not taken this quiz